[Event "Mecklenburg VP-ch U16"]
[Site "Malchow"]
[Date "2019.02.06"]
[Round "7.9"]
[White "Jenschke, Tim"]
[Black "Meiske, Moritz"]
[Result "1-0"]
[WhiteElo "1530"]
[BlackElo "1330"]
[PlyCount "131"]
[EventDate "2019.02.02"]
[EventType "swiss"]
[EventRounds "7"]
[EventCountry "GER"]
[SourceTitle "EXT 2022"]
[Source "ChessBase"]
[SourceDate "2021.10.06"]
[SourceVersion "1"]
[SourceVersionDate "2021.10.06"]
[SourceQuality "1"]

1. Nf3 g6 2. d4 d5 3. g3 Bg7 4. Bg2 Nc6 5. 0-0 Nf6 6. b3 0-0 7. Bb2 e6 8. c4 Ne7 9. Nbd2 b6 10. Ba3 Bb7 11. Rc1 Re8 12. e3 Rc8 13. Bxe7 Rxe7 14. c5 c6 15. b4 Nd7 16. Nb3 e5 17. dxe5 Nxe5 18. Nxe5 Rxe5 19. Re1 Qe7 20. Qc2 f5 21. Nd4 Qd7 22. Bh3 Qf7 23. a4 Re7 24. Nxf5 gxf5 25. Bxf5 Rcc7 26. Bxh7+ Kf8 27. Qg6 Qxg6 28. Bxg6 Re6 29. Bd3 Bf6 30. Kg2 Kg7 31. Rh1 d4 32. e4 Re5 33. f4 Re8 34. e5 Bxe5 35. fxe5 Rxe5 36. Rhe1 Rce7 37. Rxe5 Rxe5 38. cxb6 axb6 39. Kf2 Re3 40. Bf1 Kh6 41. Rc4 Ra3 42. Rxd4 Rxa4 43. Rd6+ Kg5 44. b5 cxb5 45. Rxb6 Ra2+ 46. Be2 Bc8 47. Rxb5+ Kh6 48. Kf3 Bh3 49. Rb6+ Kg5 50. Rb5+ Kh6 51. Re5 Ra3+ 52. Kf4 Ra4+ 53. Re4 Ra2 54. g4 Bxg4 55. Kxg4 Ra7 56. Re6+ Kg7 57. Bf3 Ra4+ 58. Be4 Ra7 59. h4 Rf7 60. h5 Rf6 61. Rxf6 Kxf6 62. h6 Kf7 63. Bh7 Kf6 64. Kf4 Ke6 65. Kg5 Ke7 66. Kg6 1-0

[Event "Mecklenburg VP LL2 Ost 1819"]
[Site "Mecklenburg VP"]
[Date "2018.12.16"]
[Round "4.4"]
[White "Onasch, Gunnar"]
[Black "Jenschke, Tim"]
[Result "1/2-1/2"]
[WhiteElo "1802"]
[BlackElo "1529"]
[PlyCount "91"]
[EventDate "2018.10.21"]
[EventType "team-tourn"]
[EventRounds "9"]
[EventCountry "GER"]
[SourceTitle "EXT 2022"]
[Source "ChessBase"]
[SourceDate "2021.10.06"]
[SourceVersion "1"]
[SourceVersionDate "2021.10.06"]
[SourceQuality "1"]
[WhiteTeam "Waterkant Saal SV"]
[BlackTeam "Stralsund FHSG II"]
[WhiteTeamCountry "GER"]
[BlackTeamCountry "GER"]

1. d4 g6 2. c4 Bg7 3. Nc3 d6 4. e4 Nf6 5. f3 0-0 6. Be3 Nbd7 7. Nge2 b6 8. Nc1 c5 9. d5 Bb7 10. Nd3 a6 11. Be2 e6 12. dxe6 fxe6 13. Qd2 Qe7 14. 0-0 d5 15. cxd5 exd5 16. exd5 Nxd5 17. Nxd5 Bxd5 18. Nxc5 Nxc5 19. Qxd5+ Kh8 20. Bxc5 Qxc5+ 21. Qxc5 bxc5 22. Rab1 a5 23. Rfc1 Bd4+ 24. Kf1 Rf6 25. Bc4 Re8 26. a3 Rb6 27. b3 Reb8 28. a4 Re8 29. Re1 Rbb8 30. Rxe8+ Rxe8 31. Re1 Rxe1+ 32. Kxe1 Kg7 33. Kd2 Kf6 34. Kd3 Ke5 35. Bg8 h6 36. Bh7 g5 37. Kc4 Kd6 38. b4 axb4 39. a5 Kc6 40. Be4+ Kc7 41. Bd5 Kb8 42. Kd3 Bg1 43. h4 Bh2 44. Ke4 Ka7 45. Bc4 Bg3 46. hxg5 1/2-1/2

[Event "Mecklenburg VP LL2 Ost 1819"]
[Site "Mecklenburg VP"]
[Date "2018.11.11"]
[Round "2.4"]
[White "Rossmann, Andreas"]
[Black "Jenschke, Tim"]
[Result "1-0"]
[WhiteElo "1920"]
[BlackElo "1529"]
[PlyCount "91"]
[EventDate "2018.10.21"]
[EventType "team-tourn"]
[EventRounds "9"]
[EventCountry "GER"]
[SourceTitle "EXT 2022"]
[Source "ChessBase"]
[SourceDate "2021.10.06"]
[SourceVersion "1"]
[SourceVersionDate "2021.10.06"]
[SourceQuality "1"]
[WhiteTeam "Neubrandenburg SG Eintracht"]
[BlackTeam "Stralsund FHSG II"]
[WhiteTeamCountry "GER"]
[BlackTeamCountry "GER"]

1. d4 g6 2. Nf3 Bg7 3. g3 d6 4. Bg2 f5 5. c4 Nf6 6. Nc3 c6 7. 0-0 0-0 8. b3 h6 9. e3 Be6 10. Bb2 Bf7 11. Qc2 Nbd7 12. Rad1 Qc7 13. Rfe1 e5 14. dxe5 dxe5 15. Ba3 Rfe8 16. Rd2 e4 17. Bd6 Qc8 18. Nd4 a6 19. Red1 Ne5 20. Na4 Nfd7 21. Bxe5 Rxe5 22. Nxf5 Rxf5 23. Rxd7 Qe8 24. Bxe4 Rf6 25. Nb6 Rb8 26. R7d2 Re6 27. Bg2 Rxe3 28. fxe3 Qxe3+ 29. Kh1 Qxb6 30. c5 Qc7 31. Rd7 Qe5 32. Qf2 Qf6 33. Qd2 Be8 34. Rd8 Rxd8 35. Qxd8 Qxd8 36. Rxd8 Kf7 37. Rb8 Bc3 38. Rxb7+ Ke6 39. Rb6 a5 40. Bxc6 Bxc6+ 41. Rxc6+ Kd5 42. Rxg6 Kxc5 43. Rxh6 Kb4 44. Rh4+ Ka3 45. Ra4+ Kb2 46. h4 1-0

[Event "Mecklenburg VP LL2 Ost 1718"]
[Site "Mecklenburg VP"]
[Date "2018.01.21"]
[Round "5.8"]
[White "Jenschke, Tim"]
[Black "Kalettka, Joachim"]
[Result "1/2-1/2"]
[WhiteElo "1420"]
[BlackElo "1268"]
[PlyCount "116"]
[EventDate "2017.10.08"]
[EventType "team-tourn"]
[EventRounds "9"]
[EventCountry "GER"]
[SourceTitle "EXT 2022"]
[Source "ChessBase"]
[SourceDate "2021.10.06"]
[SourceVersion "1"]
[SourceVersionDate "2021.10.06"]
[SourceQuality "1"]
[WhiteTeam "Stralsund FHSG II"]
[BlackTeam "Guestrow/Teterow II"]
[WhiteTeamCountry "GER"]
[BlackTeamCountry "GER"]

1. Nf3 Nf6 2. g3 e6 3. Bg2 d5 4. d4 c6 5. Nbd2 Bd6 6. b3 Qa5 7. Bb2 Ba3 8. Bxa3 Qxa3 9. c4 Nbd7 10. Qc2 Qd6 11. 0-0 b6 12. Rac1 Bb7 13. e4 dxe4 14. Nxe4 Nxe4 15. Qxe4 Nf6 16. Qe3 0-0 17. c5 Qc7 18. Ne5 Nd5 19. Qe2 a5 20. Rfd1 b5 21. h4 a4 22. g4 axb3 23. axb3 Ra3 24. Qb2 Rfa8 25. Ra1 b4 26. Nc4 Rxa1 27. Rxa1 Qb8 28. Nd6 Rxa1+ 29. Qxa1 Qa8 30. Qxa8+ Bxa8 31. Kf1 Kf8 32. Ke1 Nf6 33. f3 Ne8 34. Ne4 h6 35. Bf1 Ke7 36. Kd2 Bb7 37. Bd3 g6 38. Ng3 Nf6 39. g5 hxg5 40. hxg5 Nd5 41. Ne4 Nf4 42. Nd6 Nxd3 43. Nxb7 Nf4 44. Ke3 Nh3 45. f4 f6 46. gxf6+ Kxf6 47. Nd6 Ng1 48. Ke4 Ne2 49. Ne8+ Ke7 50. Nc7 Nc1 51. Na6 Nxb3 52. Nxb4 Nd2+ 53. Ke3 Nc4+ 54. Kd3 Na5 55. Ke4 Kf6 56. Nd3 Nb3 57. Ne5 Na5 58. Nd7+ Ke7 1/2-1/2

[Event "Mecklenburg VP-ch U12"]
[Site "Malchow"]
[Date "2015.02.04"]
[Round "7.7"]
[White "Pfennigschmidt, Lennart Ivo"]
[Black "Jenschke, Tim"]
[Result "1/2-1/2"]
[WhiteElo "904"]
[BlackElo "1065"]
[PlyCount "142"]
[EventDate "2015.01.31"]
[EventType "swiss"]
[EventRounds "7"]
[EventCountry "GER"]
[SourceTitle "EXT 2022"]
[Source "ChessBase"]
[SourceDate "2021.10.06"]
[SourceVersion "1"]
[SourceVersionDate "2021.10.06"]
[SourceQuality "1"]

1. e4 e5 2. Nf3 Nc6 3. Bc4 Be7 4. 0-0 Nf6 5. Nc3 0-0 6. d3 d6 7. h3 a6 8. Bg5 h6 9. Bh4 Nh5 10. Nxe5 Nxe5 11. Bxe7 Qxe7 12. Qxh5 Be6 13. Bxe6 Qxe6 14. Nd5 Rac8 15. Nf4 Qd7 16. d4 Nc4 17. b3 Nb6 18. e5 dxe5 19. dxe5 Qd4 20. Ne2 Qc5 21. Rfe1 Rce8 22. Nf4 Qxc2 23. e6 fxe6 24. Re2 Qf5 25. Rae1 Qxf4 26. g3 Qf5 27. Qxf5 Rxf5 28. g4 Rg5 29. f4 Rd5 30. Re5 Rxe5 31. Rxe5 Kf7 32. Rc5 Re7 33. f5 exf5 34. Rxf5+ Kg6 35. h4 Kh7 36. Rf8 Nd7 37. Rc8 Nf6 38. g5 hxg5 39. hxg5 Ne4 40. Rb8 Nxg5 41. Rxb7 Kg6 42. Ra7 Kf5 43. Rxa6 Re2 44. Kf1 Rc2 45. b4 Ne4 46. b5 Kf4 47. Rg6 Kf3 48. Kg1 Rxa2 49. Rxg7 Nf6 50. Rf7 Kg3 51. Rxf6 Ra1+ 52. Rf1 Rxf1+ 53. Kxf1 Kf3 54. Ke1 Ke3 55. Kd1 Kd3 56. Kc1 Kc3 57. Kb1 Kb4 58. Kb2 Kxb5 59. Kb3 c5 60. Kc3 c4 61. Kc2 Kb4 62. Kb2 c3+ 63. Kc1 Ka3 64. Kc2 Kb4 65. Kc1 Kc4 66. Kc2 Kd4 67. Kc1 Kc4 68. Kc2 Kb4 69. Kc1 Kb3 70. Kb1 c2+ 71. Kc1 Kc3 1/2-1/2

[Event "Mecklenburg VP-ch U12"]
[Site "Malchow"]
[Date "2015.02.03"]
[Round "6.6"]
[White "Jenschke, Tim"]
[Black "Lenk, Enrico Lars"]
[Result "1-0"]
[WhiteElo "1065"]
[BlackElo "807"]
[PlyCount "109"]
[EventDate "2015.01.31"]
[EventType "swiss"]
[EventRounds "7"]
[EventCountry "GER"]
[SourceTitle "EXT 2022"]
[Source "ChessBase"]
[SourceDate "2021.10.06"]
[SourceVersion "1"]
[SourceVersionDate "2021.10.06"]
[SourceQuality "1"]

1. e4 e5 2. Nf3 Nc6 3. Nc3 Nf6 4. Be2 Bb4 5. 0-0 d6 6. d3 Be6 7. Ng5 Nd4 8. Nxe6 Nxe6 9. a3 Bc5 10. Nd5 c6 11. Nc3 0-0 12. Na4 Bd4 13. c3 b5 14. cxd4 bxa4 15. Qxa4 Nxd4 16. Re1 Nd7 17. Bg4 Nb6 18. Qd1 d5 19. Be3 dxe4 20. dxe4 Nc4 21. Bxd4 Qxd4 22. Qxd4 exd4 23. b3 Ne5 24. f3 Rab8 25. b4 Nc4 26. Rec1 Ne5 27. Rc5 Rfe8 28. Rb1 d3 29. Rd1 Rbd8 30. Bf5 g6 31. Bh3 Rd6 32. Rc3 d2 33. Rc2 Red8 34. f4 Nd3 35. Rcxd2 Rd4 36. g3 a6 37. Bf1 Ne5 38. Rxd4 Nf3+ 39. Kf2 Nxd4 40. Be2 f6 41. Ke3 Nc2+ 42. Kf2 Rxd1 43. Bxd1 Nxa3 44. Be2 c5 45. bxc5 a5 46. c6 a4 47. c7 Nc2 48. c8Q+ Kg7 49. Qxc2 a3 50. Qa2 f5 51. Qxa3 fxe4 52. Qe7+ Kh6 53. g4 e3+ 54. Kxe3 g5 55. Qxg5# 1-0

[Event "GER-chT U10"]
[Site "Magdeburg"]
[Date "2014.12.29"]
[Round "7.2"]
[White "Zores, Kai"]
[Black "Jenschke, Tim"]
[Result "1-0"]
[WhiteElo "600"]
[BlackElo "1090"]
[PlyCount "97"]
[EventDate "2014.12.27"]
[EventType "team-swiss"]
[EventRounds "7"]
[EventCountry "GER"]
[SourceTitle "EXT 2016"]
[Source "ChessBase"]
[SourceDate "2015.10.08"]
[SourceVersion "1"]
[SourceVersionDate "2015.10.08"]
[SourceQuality "1"]
[WhiteTeam "Hamburger SK II"]
[BlackTeam "Stralsund"]
[WhiteTeamCountry "GER"]
[BlackTeamCountry "GER"]

1. e4 e5 2. Nf3 Nc6 3. Bc4 Be7 4. Nc3 Nf6 5. d3 0-0 6. Be3 d6 7. 0-0 Bg4 8. h3 Bh5 9. Re1 Qd7 10. Qe2 Nd4 11. Bxd4 exd4 12. Nb5 c5 13. c3 a6 14. Na3 dxc3 15. bxc3 b5 16. Bd5 Rae8 17. Nc2 Nxd5 18. exd5 Bf6 19. Qd1 Bxc3 20. Rxe8 Rxe8 21. Rc1 b4 22. Ne3 h6 23. g4 Bg6 24. d4 cxd4 25. Nxd4 Be4 26. Ne2 Bf3 27. Rc2 h5 28. a3 Be5 29. Rc4 Qb5 30. gxh5 Bxh5 31. Kf1 Bf4 32. Rxf4 Bxe2+ 33. Qxe2 Qxe2+ 34. Kxe2 bxa3 35. Ra4 Ra8 36. Rxa3 Kf8 37. Nc4 Ke7 38. Kf3 Kf6 39. Kf4 g5+ 40. Ke4 Kg6 41. Nxd6 Rd8 42. Rxa6 f6 43. f4 gxf4 44. Kxf4 Rf8 45. Nb7 Rf7 46. Nc5 Kg7 47. Ne6+ Kg6 48. d6 Rd7 49. Nf8+ 1-0

[Event "GER-chT U10"]
[Site "Magdeburg"]
[Date "2014.12.28"]
[Round "3.2"]
[White "Koeppen, Cedric Louis"]
[Black "Jenschke, Tim"]
[Result "1/2-1/2"]
[WhiteElo "930"]
[BlackElo "1090"]
[PlyCount "75"]
[EventDate "2014.12.27"]
[EventType "team-swiss"]
[EventRounds "7"]
[EventCountry "GER"]
[SourceTitle "EXT 2016"]
[Source "ChessBase"]
[SourceDate "2015.10.08"]
[SourceVersion "1"]
[SourceVersionDate "2015.10.08"]
[SourceQuality "1"]
[WhiteTeam "Koenigsspringer"]
[BlackTeam "Stralsund"]
[WhiteTeamCountry "GER"]
[BlackTeamCountry "GER"]

1. e4 e5 2. Nf3 Nc6 3. Bc4 Be7 4. d4 exd4 5. Nxd4 Ne5 6. Bb3 Nf6 7. Nc3 0-0 8. Bf4 d6 9. Nf5 Bxf5 10. exf5 Qd7 11. Bxe5 dxe5 12. Qxd7 Nxd7 13. 0-0-0 Rfd8 14. h4 Nf6 15. h5 h6 16. f3 Rxd1+ 17. Kxd1 Rd8+ 18. Kc1 Bc5 19. g4 Be3+ 20. Kb1 Bg5 21. a3 c5 22. Ne4 Nxe4 23. fxe4 b5 24. Bd5 a5 25. Rh3 b4 26. Ka2 a4 27. Bc6 Rd4 28. axb4 Rxb4 29. Ra3 Bc1 30. Rxa4 Rxb2+ 31. Ka1 Rb8 32. Ra8 Rxa8+ 33. Bxa8 Kf8 34. Kb1 Be3 35. c4 Ke7 36. Kc2 Bd4 37. Kd3 Kd6 38. Bd5 1/2-1/2